| 000 | 00699nam a2200193Ia 4500 | ||
|---|---|---|---|
| 008 | 090201s9999 xx 000 0 und d | ||
| 010 | _aKPL-74221 | ||
| 020 | _a81-7434-387-3 | ||
| 040 | _bमराठी | ||
| 041 | _aमराठी | ||
| 082 |
_a54718 _b74221 |
||
| 100 | _aप्रियदर्शिनी कर्वे | ||
| 245 |
_aउर्जेच्या शोधात . . . (रामबाग) _cप्रियदर्शिनी कर्वे |
||
| 250 | _a1 | ||
| 260 |
_c2007 _bराजहंस प्रकाशन |
||
| 300 |
_a170 _bमध्यम |
||
| 600 | _aउर्जेच्या शोधात . . . (रामबाग) | ||
| 942 | _cBOOK | ||
| 999 |
_c251057 _d251057 |
||